00182nam a2200061Ia 4500008004100000100002000041245005900061120527s9999 xx 000 0 und d aBISK, M. NATHAN aCPA Comprehensive Exam review accounting and reporting